Cristóbal Colón (Record no. 4663)
[ view plain ]
| 000 -CABECERA | |
|---|---|
| campo de control de longitud fija | 01197nam a2200265 a 4500 |
| 001 - NÚMERO DE CONTROL | |
| campo de control | BRCA_4969 |
| 005 - FECHA Y HORA DE LA ÚLTIMA TRANSACCIÓN | |
| campo de control | 20190320204901.0 |
| 008 - DATOS DE LONGITUD FIJA--INFORMACIÓN GENERAL | |
| campo de control de longitud fija | 820309s1891 sp-abc####---#000-0#spa-# |
| 041 ## - CÓDIGO DE LENGUA | |
| Código de lengua del texto/banda sonora o título independiente | spa |
| 044 ## - CÓDIGO DEL PAÍS DE LA ENTIDAD EDITORA/PRODUCTORA | |
| Código MARC del país | sp |
| 050 #4 - SIGNATURA TOPOGRÁFICA DE LA BIBLIOTECA DEL CONGRESO | |
| Número de clasificación | E111 |
| Número de documento/Ítem | .A84 1891 |
| 100 1# - ENTRADA PRINCIPAL--NOMBRE DE PERSONA | |
| Nombre de persona | Asensio y Toledo, José María |
| Fechas asociadas al nombre | 1829-1905. |
| 9 (RLIN) | 12643 |
| 245 10 - MENCIÓN DE TÍTULO | |
| Título | Cristóbal Colón |
| Resto del título | su vida, sus viajes, sus descubrimientos |
| Mención de responsabilidad, etc. | por D. José María Asensio. |
| 260 ## - PUBLICACIÓN, DISTRIBUCIÓN, ETC. | |
| Lugar de publicación, distribución, etc. | Barcelona |
| Nombre del editor, distribuidor, etc. | Espasa |
| Fecha de publicación, distribución, etc. | [1891] |
| 300 ## - DESCRIPCIÓN FÍSICA | |
| Extensión | 2 v. |
| Otras características físicas | il. (algunas a color), 16 láminas, mapas |
| Dimensiones | 32 cm. |
| 500 ## - NOTA GENERAL | |
| Nota general | Edición monumental. Espléndida edición ilustrada con magníficas oleografías, copia de famosos cuadros de artistas españoles tales como Balaca, Cano, Jover, Madrazo, Muñoz Degrain, Ortego, Puebla, Rosales, Soler. Enriquecida en todas sus páginas con orlas, cabeceras y viñetas alegóricas |
| 500 ## - NOTA GENERAL | |
| Nota general | No se tiene la carta geográfica |
| 500 ## - NOTA GENERAL | |
| Nota general | Estado físico: encuadernación deteriorada, hojas desprendidas en v.1 |
| 500 ## - NOTA GENERAL | |
| Nota general | DD7 |
| 600 14 - PUNTO DE ACCESO ADICIONAL DE MATERIA--NOMBRE DE PERSONA | |
| Nombre de persona | Colón, Cristobal |
| Fechas asociadas al nombre | 1451-1506 |
| Subdivisión de forma | Biografías |
| 9 (RLIN) | 12644 |
| 650 14 - PUNTO DE ACCESO ADICIONAL DE MATERIA--TÉRMINO DE MATERIA | |
| Término de materia o nombre geográfico como elemento de entrada | América |
| Subdivisión general | Descubrimiento y exploraciones |
| 9 (RLIN) | 12645 |
| 650 14 - PUNTO DE ACCESO ADICIONAL DE MATERIA--TÉRMINO DE MATERIA | |
| Término de materia o nombre geográfico como elemento de entrada | América |
| Subdivisión general | Historia |
| 9 (RLIN) | 12646 |
| 902 ## - CATALOGADOR | |
| Iniciales | GFM |
| 942 ## - ELEMENTOS DE PUNTO DE ACCESO ADICIONAL (KOHA) | |
| Fuente del sistema de clasificación o colocación | Library of Congress Classification |
| Tipo de ítem Koha | Libros |
| Estado de retiro | Estado de pérdida | Estado dañado | No para préstamo | Localización permanente | Ubicación/localización actual | Fecha de adquisición | Número de inventario | Total de préstamos | Signatura topográfica completa | Código de barras | Fecha visto por última vez | Precio válido a partir de | Tipo de ítem Koha |
|---|---|---|---|---|---|---|---|---|---|---|---|---|---|
| El ejemplar forma parte de la colección y puede ser consultado según las políticas vigentes. | Biblioteca del Museo Franz Mayer (Rogerio Casas-Alatriste) | Biblioteca del Museo Franz Mayer (Rogerio Casas-Alatriste) | 25/10/2010 | DD7 | E111 .A84 1891 (DD7) | 5036 | 22/03/2019 | 22/03/2019 | Libros |